00000000nam 2200000za 4500
0019.832772
003CaOODSP
00520221107150048
007cr |||||||||||
008170222s1970    oncd||||o    f|0| 0 eng d
040 |aCaOODSP|beng
043 |an-cn---
0861 |aCS99-546/1970E-PDF|zCS99-546/1970
1001 |aKalbach, Warren E.,|d1922-
24514|aThe impact of immigration on Canada's population |h[electronic resource] / |cby Warren E. Kalbach.
260 |aOttawa : |bDominion Bureau of Statistics, |c1970.
300 |axxxiv, 465 p. : |bcharts.
4900 |a1961 Census monograph
500 |a"One of a series of 1961 census monographs prepared for the Census Division, Dominion Bureau of Statistics."
500 |aDigitized edition from print [produced by Statistics Canada].
504 |aIncludes bibliographical references.
520 |a"Few people would question the importance of migration for Canada's relatively short history. The emergence of Canada as a nation, like that of the United States, was a product of the unique conditions and developments in Western Europe which gave rise to the era of exploration and subsequent migration of millions of Europeans to the New World. Those who were among the first to establish themselves, i.e., the French and the British, set the basic character of Canada's population and the criteria by which the desirability of all subsequent immigration was to be judged. ..."--Intro.
69207|2gccst|aCensus data
69207|2gccst|aImmigration
7101 |aCanada. |bDominion Bureau of Statistics.
85640|qPDF|s15.47 MB|uhttps://publications.gc.ca/collections/collection_2017/statcan/CS99-546-1970-eng.pdf